000
00269nam a2200085Ia 4500
245
0
_a
Timbila 6 : a journal of onion skin poetry
100
_a
BILA, Fred Vonani Elim Hospital, South Africa, 2008
_9
77228
942
_c
BK
008
210817s9999 xx 000 0 und d
999
_c
297952
_d
297951